| 000 | 00686nam a2200217 a 4500 | ||
|---|---|---|---|
| 001 | 14385 | ||
| 003 | BD-JhCC | ||
| 005 | 20250907120815.0 | ||
| 008 | 250907b20132014nyua|||| ||a| 001 0 eng d | ||
| 020 | _a 9781780226583 | ||
| 035 | _a(BD-JhCC)14385 | ||
| 040 |
_aBD-JhCC _dBD-JhCC |
||
| 041 | _aenglish | ||
| 082 |
_a370.820 _bYOU 2014 |
||
| 100 | _a Yousafzai,Malala | ||
| 245 |
_a I am Malala : _b the girl who stood up for education and was shot by the Taliban _cMalala Yousafzai. |
||
| 260 |
_aLondon: _bPhoenix; _c2014. |
||
| 300 |
_a xxiii, 293 p. : _bill; _c20 cm. |
||
| 650 |
_aChildren's rights Pakistan Biography. _zGirls Education Pakistan Swāt District |
||
| 942 |
_2ddc _cBK |
||
| 999 |
_c14385 _d14385 |
||